000 00884nas a2200277 4500
001 BR0901601
003 BR-BrBNA
005 20231205112614.0
007 ta
008 230509b bl.|||p| |||| 00| 00por d
040 _aBR-BrBNA
_bpor
_cBiblioteca Nacional de Agricultura
041 _a(Pt)
072 _aK10
100 1 _aPereira, C.M.
100 1 _aHansel, F.A.
100 1 _aRadomski, M.I.
100 1 _aVerdeckin, M.G.
245 1 _aMicroondas como alternativa na abertura de amostras para dosagem de silicio em tecido foliar de especies florestais por determinação colorimetrica
650 _aEUCALIPTO
650 _aFOLHA
650 _aSILICIO
650 _aCOLORIMETRIA
773 0 _tPesquisa Florestal Brasileira (Brazil)
_xISSN 1809-3647
_g(Jan-Jun 2008), (no. 56) p. 105-109
_wBR0901601
909 _a202311
_bLúcia
_c55
_dLúcia Elande
942 _2AGRIS
_n0
_cANA
999 _c198923
_d198923